| 000 | 00585nam a2200217 a 4500 | ||
|---|---|---|---|
| 001 | 2272 | ||
| 003 | CDMR | ||
| 005 | 20131105102713.0 | ||
| 008 | 130130s1966||||||||||||||||||||||||||||d | ||
| 040 |
_aCDMR _bcat _cCDMR |
||
| 100 | 1 |
_aSullerot, Evelyne _91688 |
|
| 245 | 1 | 3 |
_aLa presse féminine _cpar Evelyne Sullerot |
| 250 | _a2a ed. | ||
| 260 |
_aParis _c1966 _bArmand Colin |
||
| 300 |
_a319 p. _bil. b/n |
||
| 490 | 0 |
_aKioske _v22 |
|
| 650 | 0 | 4 |
_94260 _aRevistes per a dones _xHistòria |
| 650 | 0 | 4 |
_94193 _aGèneres periodístics |
| 650 | 0 | 4 |
_93752 _aPremsa _zFrança |
| 942 |
_cMON _2udc |
||
| 999 |
_c2272 _d2272 |
||